| 000 | 00443nam a2200169Ia 4500 | ||
|---|---|---|---|
| 003 | OSt | ||
| 005 | 20220328055244.0 | ||
| 008 | 211109s9999||||xx |||||||||||||| ||und|| | ||
| 040 | _cSBCL | ||
| 082 |
_a824 _bSAI-E |
||
| 100 | _aSAINTSBURY, GEORGE | ||
| 245 | 0 | _aESSAYS IN ENGLISH LITERATURE | |
| 260 |
_bPERCIVAL AND CO _aLONDON _c1960 |
||
| 630 | _xReference Reading Room | ||
| 650 |
_aENGLISH LITERATURE _vENGLISH ESSAYS _xPhysics |
||
| 942 | _cBOOK | ||
| 999 |
_c153 _d153 |
||